<?xml version="1.0" encoding="UTF-8"?>
<record
    xmlns:xsi="http://www.w3.org/2001/XMLSchema-instance"
    xsi:schemaLocation="http://www.loc.gov/MARC21/slim http://www.loc.gov/standards/marcxml/schema/MARC21slim.xsd"
    xmlns="http://www.loc.gov/MARC21/slim">

  <leader>00631nam a22002057a 4500</leader>
  <controlfield tag="005">20251013105708.0</controlfield>
  <controlfield tag="008">251013b        |||||||| |||| 00| 0 eng d</controlfield>
  <datafield tag="040" ind1=" " ind2=" ">
    <subfield code="c">AL</subfield>
  </datafield>
  <datafield tag="041" ind1=" " ind2=" ">
    <subfield code="a">English</subfield>
  </datafield>
  <datafield tag="082" ind1=" " ind2=" ">
    <subfield code="a">001.535</subfield>
    <subfield code="b">CHAA</subfield>
  </datafield>
  <datafield tag="100" ind1=" " ind2=" ">
    <subfield code="a">Vinod Chandra S S</subfield>
    <subfield code="9">242085</subfield>
  </datafield>
  <datafield tag="245" ind1=" " ind2=" ">
    <subfield code="a">Artificial intelligence</subfield>
    <subfield code="b">: principles and applications</subfield>
  </datafield>
  <datafield tag="250" ind1=" " ind2=" ">
    <subfield code="a">2.</subfield>
  </datafield>
  <datafield tag="260" ind1=" " ind2=" ">
    <subfield code="a">Delhi</subfield>
    <subfield code="b">PHI Learning Private Limited</subfield>
    <subfield code="c">2023</subfield>
  </datafield>
  <datafield tag="300" ind1=" " ind2=" ">
    <subfield code="a">xvii,410</subfield>
    <subfield code="b">PB</subfield>
    <subfield code="c">23.5x17cm</subfield>
  </datafield>
  <datafield tag="365" ind1=" " ind2=" ">
    <subfield code="a">ABDI/0818/25</subfield>
    <subfield code="b">&#x20B9;637.50</subfield>
    <subfield code="c">&#x20B9;</subfield>
    <subfield code="d">&#x20B9;850.00</subfield>
    <subfield code="e">25%</subfield>
    <subfield code="f">03-10-2025</subfield>
  </datafield>
  <datafield tag="650" ind1=" " ind2=" ">
    <subfield code="a">Artificial intelligence</subfield>
    <subfield code="9">242083</subfield>
  </datafield>
  <datafield tag="700" ind1=" " ind2=" ">
    <subfield code="a">Hareendran, Anand S</subfield>
    <subfield code="9">242084</subfield>
  </datafield>
  <datafield tag="942" ind1=" " ind2=" ">
    <subfield code="2">ddc</subfield>
    <subfield code="c">BK</subfield>
  </datafield>
  <datafield tag="999" ind1=" " ind2=" ">
    <subfield code="c">240531</subfield>
    <subfield code="d">240531</subfield>
  </datafield>
  <datafield tag="952" ind1=" " ind2=" ">
    <subfield code="0">0</subfield>
    <subfield code="1">0</subfield>
    <subfield code="2">ddc</subfield>
    <subfield code="4">0</subfield>
    <subfield code="7">0</subfield>
    <subfield code="8">ISE</subfield>
    <subfield code="a">SE</subfield>
    <subfield code="b">SE</subfield>
    <subfield code="d">2025-10-13</subfield>
    <subfield code="e">Academic Book Distributors, Bengaluru-562159</subfield>
    <subfield code="g">637.50</subfield>
    <subfield code="l">0</subfield>
    <subfield code="o">001.535 CHAA</subfield>
    <subfield code="p">SE000018</subfield>
    <subfield code="r">2025-10-13 10:38:57</subfield>
    <subfield code="v">850.00</subfield>
    <subfield code="w">2025-10-03</subfield>
    <subfield code="y">BK</subfield>
  </datafield>
  <datafield tag="952" ind1=" " ind2=" ">
    <subfield code="0">0</subfield>
    <subfield code="1">0</subfield>
    <subfield code="2">ddc</subfield>
    <subfield code="4">0</subfield>
    <subfield code="7">0</subfield>
    <subfield code="8">ISE</subfield>
    <subfield code="a">SE</subfield>
    <subfield code="b">SE</subfield>
    <subfield code="d">2025-10-13</subfield>
    <subfield code="e">Academic Book Distributors, Bengaluru-562159</subfield>
    <subfield code="g">637.50</subfield>
    <subfield code="l">0</subfield>
    <subfield code="o">001.535 CHAA</subfield>
    <subfield code="p">SE000019</subfield>
    <subfield code="r">2025-10-13 10:38:57</subfield>
    <subfield code="v">850.00</subfield>
    <subfield code="w">2025-10-03</subfield>
    <subfield code="y">BK</subfield>
  </datafield>
  <datafield tag="952" ind1=" " ind2=" ">
    <subfield code="0">0</subfield>
    <subfield code="1">0</subfield>
    <subfield code="2">ddc</subfield>
    <subfield code="4">0</subfield>
    <subfield code="7">0</subfield>
    <subfield code="8">ISE</subfield>
    <subfield code="a">SE</subfield>
    <subfield code="b">SE</subfield>
    <subfield code="d">2025-10-13</subfield>
    <subfield code="e">Academic Book Distributors, Bengaluru-562159</subfield>
    <subfield code="g">637.50</subfield>
    <subfield code="l">1</subfield>
    <subfield code="o">001.535 CHAA</subfield>
    <subfield code="p">SE000020</subfield>
    <subfield code="r">2025-11-24 12:33:53</subfield>
    <subfield code="s">2025-11-14</subfield>
    <subfield code="v">850.00</subfield>
    <subfield code="w">2025-10-03</subfield>
    <subfield code="y">BK</subfield>
  </datafield>
</record>
